O dalším směřováním sociální Evropy

Kritické zamyslenie sa nad kľúčovými sociálno-ekonomickými časťami programu " Politické smery pre budúcu Európsku komisiu, 2019-2024".

Salvato in:
Dettagli Bibliografici
Autore principale: Šulc, Jaroslav
Natura: Capitolo di libro
Lingua:ceco
Soggetti:
Tags: Aggiungi Tag
Nessun Tag, puoi essere il primo ad aggiungerne!!

MARC

LEADER 00000naa a2200000 4500
001 0259551
005 20221104111527.8
041 0 |a cze 
044 |a CZ 
245 1 0 |a O dalším směřováním sociální Evropy  |c Jaroslav Šulc 
520 |a Kritické zamyslenie sa nad kľúčovými sociálno-ekonomickými časťami programu " Politické smery pre budúcu Európsku komisiu, 2019-2024". 
610 2 0 |a Európska komisia 
610 2 0 |a Európska únia 
610 2 0 |a politika sociálna 
610 2 0 |a spolupráca hospodárska medzinárodná 
100 1 |a Šulc, Jaroslav